00299nam a2200109Ia 4500008004100000041000800041100001800049245004800067260003500115300000800150700003100158250110s9999 xx 000 0 und d aeng aKothari Sneha aFacilities Center At Pilgrimage Town Jejuri bFinal Year B. Arch, BNCAc2014 a95p aGuide Name:Dhongade Shrvey